| 000 | 00744pam a2200229 a 4500 | ||
|---|---|---|---|
| 001 | 4926410 | ||
| 005 | 20180308035203.0 | ||
| 008 | 950816s1996 nyua b 001 0 eng | ||
| 010 | _a 95037962 | ||
| 020 |
_a0070622000 (hardcover) : _c$24.95 |
||
| 040 |
_aDLC _cDLC _dDLC |
||
| 041 | _aeng | ||
| 080 | _a384.3 DON | ||
| 082 | 0 | 0 |
_a384.3 DON _223 |
| 100 | 1 | _a54 | |
| 101 | _aECO | ||
| 245 | 1 | 4 |
_aThe digital economy : _cDon Tapscott. |
| 504 | _aIncludes bibliographical references and index. | ||
| 906 |
_a7 _bcbc _corignew _d1 _eocip _f19 _gy-gencatlg |
||
| 942 |
_2ddc _cBK |
||
| 999 |
_c44395 _d44395 |
||